000 00761nam a2200241 a 4500
001 BRCA_7527
005 20190320205856.0
008 160513s19uu----sp-a######---#000-0#spa-#
041 _aspa
044 _asp
050 4 _aND813.Z8
_b.B47 1900
100 1 _aBeryes, Ignacio de
_918567
245 1 0 _aIgnacio Zuloaga o una manera de ver a España
_cIgnacio de Beryes.
260 _aBarcelona
_bIberia - Joaquín Gil
_c[19--?]
300 _a34 p.
_bil., 43 láminas
_c29 cm.
500 _aR82
520 3 _aSeis ensayos con cuarenta y tres ilustraciones fuera de texto
600 1 4 _aZuloaga Zabaleta, Ignacio
_d1870-1945
_918568
650 1 4 _aPintores españoles
_xBiografías
_918569
650 1 4 _aPinturas españolas
_97789
902 _aGFM
942 _2lcc
_cB
999 _c7201
_d7201